000 06059nam a2200253 4500
003 NALT
005 20250821101037.0
008 250819b th ||||| |||| 00| 0 tha d
020 _a9786167163802
040 _aNALT
086 _aสว 02 1.2 2561-2562
110 2 _aสำนักงานเลขาธิการวุฒิสภา.
_bสำนักประชาสัมพันธ์
_92433
245 1 0 _aสรุปผลงานสภานิติบัญญัติแห่งชาติ ประจำปี 2561-2562 /
_cสำนักประชาสัมพันธ์ สำนักงานเลขาธิการวุฒิสภา.
260 _aกรุงเทพฯ :
_bสำนักประชาสัมพันธ์ สำนักงานเลขาธิการวุฒิสภา,
_c2562.
300 _a248 หน้า :
_bภาพประกอบ, ตาราง ;
_c29 ซม
505 2 _a1. งานด้านนิติบัญญัติ -- การพิจารณาร่างพระราชบัญญัติประกอบรัฐธรรมนูญ -- การพิจารณาร่างพระราชบัญญัติ -- การอนุมัติพระราชกำหนด -- การพิจารณาให้ความเห็นชอบหนังสือสัญญากับนานาประเทศหรือองค์การระหว่างประเทศ -- การพิจารณาเรื่องอื่น ๆ -- 2. งานด้านการควบคุมการบริหารราชการแผ่นดิน -- การเสนอญัตติ -- การตั้งกระทู้ถาม -- 3. งานด้านการให้ความเห็นชอบให้คำแนะนำหรือการเลือกบุคคลให้ดำรงตำแหน่งตามที่รัฐธรรมนูญกำหนด -- การให้ความเห็นชอบให้คำแนะนำ หรือการเลือกบุคคลให้ดำรงตำแหน่งตามที่รัฐธรรมนูญกำหนด -- 4. งานด้านกรรมาธิการ -- คณะกรรมาธิการสามัญประจำสภานิติบัญญัติแห่งชาติ -- คณะกรรมาธิการวิสามัญกิจการสภานิติบัญญัติแห่งชาติ -- คณะกรรมาธิการวิสามัญการพิทักษ์และเทิดทูนสถาบันพระมหากษัตริย์สภานิติบัญญัติแห่งชาติ -- 5. งานด้านต่างประเทศ -- การรับรองบุคคลสำคัญชาวต่างประเทศ -- การเลี้ยงรับรองเพื่อเป็นเกียรติแก่บุคคลสำคัญชาวต่างประเทศ -- การเดินทางไปเยือนต่างประเทศอย่างเป็นทางการ -- การเข้าร่วมประชุมองค์การรัฐสภาระหว่างประเทศ -- 6. งานด้านอื่น ๆ -- สภานิติบัญญัติแห่งชาติร่วมงาน อุ่นไอรักคลายความหนาว "สายน้ำแห่งรัตนโกสินทร์" -- พิธีวางศิลาฤกษ์ "สวนพฤกษศาสตร์ป่าชายเลนนานาชาติ ร.9" -- โครงการสมาชิกสภานิติบัญญัติแห่งชาติพบประชาชนตามวิถีไทยนิยม ยั่งยืน -- การดำเนินงานของคณะกรรมการประสานงานเพื่อสนับสนุนโครงการกองทุนการศึกษา สภานิติบัญญัติแห่งชาติ -- การดำเนินงานของคณะกรรมการวิจัยและพัฒนาสภานิติบัญญัติแห่งชาติ -- การดำเนินงานของคณะกรรมการวิชาการของสภานิติบัญญัติแห่งชาติ -- โครงการเสริมสร้างความพร้อมแก่ท้องถิ่น หลักสูตร "กระบวนการเสริมสร้างผู้นำนักประชาธิปไตยแบบมีส่วนร่วม" -- โครงการเผยแพร่ความรู้เกี่ยวกับการเมืองการปกครอง บทบาทหน้าที่และอำนาจของสภานิติบัญญัติแห่งชาติสู่เยาวชนในสถาบันการศึกษา (สภาจำลองสัญจร) -- 7. ประมวลภาพกิจกรรมสภานิติบัญญัติแห่งชาติ.
610 2 4 _aสภานิติบัญญัติแห่งชาติ
_xผลงาน
_y2561-2562
_966479
856 4 0 _uhttps://prt.parliament.go.th/items/2e72b2cb-cafc-410b-ae82-daa34b6902da
942 _2local
_cPAR
996 _ajidapa.t
_bACQSTF
_c2025-08-19
996 _avaree.k
_bLIBSTF
_c2025-08-20
996 _ajamriang.p
_bCATSTF
_c2025-08-21
999 _c107122
_d107122
998 _j1020
_k นางจำเรียง ระวังสำโรง